| 000 | 01197nam a22002777a 4500 | ||
|---|---|---|---|
| 005 | 20080822162413.0 | ||
| 008 | 080822t xxu||||| |||| 00| e hin d | ||
| 010 | _aHIN-84043 | ||
| 020 | _c60.00 | ||
| 035 | _aHN-56389 | ||
| 037 | _aDBAD / PUB | ||
| 040 |
_aDPL _bHN |
||
| 082 | _a828 | ||
| 100 | _aरामचन्द्र | ||
| 245 |
_aहक़ीक़त बेनक़ाब / _cरामचन्द्र |
||
| 246 |
_aHaqiiqata benakaaba _bby Ramchandra |
||
| 260 |
_aउ.प्र. _bश्री रामचन्द्र मिशन _cव.अ. |
||
| 270 |
_aशाहजहाँपुर _bउ.प्र. |
||
| 300 |
_a159पृ _c22सेमी (अजिल्द) |
||
| 650 | _aHindi essays | ||
| 650 | _aहिन्दी निबंध | ||
| 650 |
_aHindi literature _xHistory and ctiticism _y21st century |
||
| 650 |
_aहिन्दी साहित्य _xइतिहास एवं समालोचना _y21वीं सदी |
||
| 942 |
_2ddc _cHN _kरामच _h828 |
||
| 999 |
_c15017 _d15017 |
||